000
00475pam a2200121a 44500
008
230405s2005 xxu||||| |||| 00| 0 eng d
041
_a
MAR
100
_a
प्रा डॉ सौ मोहोड शालिनी
245
_a
शिवपुत्र संभाजीराजे
260
_a
_b
मातृभूमी प्रकाशन वंदे मातरम् भारतीनगर पौड मार्ग
_c
2005
300
_a
75
906
_a
11637
999
_c
302136
_d
302136